Logo Biblioteca

La Respiración De La Tierra (Registro nro. 197)

Detalles MARC
000 -LEADER
fixed length control field 00891nam a22001697a 4500
003 - CONTROL NUMBER IDENTIFIER
control field OSt
005 - DATE AND TIME OF LATEST TRANSACTION
control field 20240220115858.0
008 - FIXED-LENGTH DATA ELEMENTS--GENERAL INFORMATION
fixed length control field 240220s2008 ag ||||| |||| 00| 0 spa d
020 ## - INTERNATIONAL STANDARD BOOK NUMBER
International Standard Book Number 9789508602145
040 ## - CATALOGING SOURCE
Transcribing agency besoc
100 ## - MAIN ENTRY--PERSONAL NAME
Personal name Colombres, Adolfo
Relator term autor
245 ## - TITLE STATEMENT
Title La Respiración De La Tierra
Remainder of title Antología Personal
260 ## - PUBLICATION, DISTRIBUTION, ETC.
Place of publication, distribution, etc. Buenos Aires:
Name of publisher, distributor, etc. Desde La Gente
300 ## - PHYSICAL DESCRIPTION
Extent 108 p.
505 ## - FORMATTED CONTENTS NOTE
Formatted contents note Adolfo Colombres-La muerte del capitán-La luz de los ciegos-De como el abuelo Damián perdió la oreja izquierda y encontró la eternidad-Romance del compilador y el bandido-Territorio final-Los testigos-Las grietas del tiempo-Karai el héroe- La muchacha que se enveneno por amor-Lejos del paraíso-La gitana y el navegante-Sacrificio-El desierto-Bajo los pesados torbellinos de polvo-Una aldea blanca en la arena-Ana vuelve bajo la lluvia-Todo lo consume el tiempo.
942 ## - ADDED ENTRY ELEMENTS (KOHA)
Source of classification or shelving scheme Universal Decimal Classification
Koha item type Libro de préstamo a domicilio
Suppress in OPAC No

No hay ítems disponibles.

Biblioteca de la Escuela Preuniversitaria en Ciencias Sociales y Humanísticas.
Riobamba 250 bis.
CP 2000 - Rosario - Santa Fe
E-Mail: biblioteca@esociales.unr.edu.ar